Visualizzazione normale
Vista MARC
- Pedrinelli V., Dell'Oste V., Bertelloni C.A., Cordone A., Bounani S., Corsi M.,
di Personal Name
Records bibliografici associati: 1
001 - CONTROL NUMBER
- control field: 60192
003 - CONTROL NUMBER IDENTIFIER
- control field:
005 - DATE AND TIME OF LATEST TRANSACTION
- control field: 20230831151847.0
008 - FIXED-LENGTH DATA ELEMENTS
- fixed length control field: 230831|| aca||aabn | a|a d
040 ## - CATALOGING SOURCE
- Original cataloging agency:
- Transcribing agency:
100 ## - HEADING--PERSONAL NAME
- Personal name: Pedrinelli V., Dell'Oste V., Bertelloni C.A., Cordone A., Bounani S., Corsi M.,
- Personal name: Baldanzi S., Malacarne P., Dell'Osso L., Buselli R
670 ## - SOURCE DATA FOUND
- Source citation: Work cat.: ()359785: Carmassi Claudia (et al.) 60191, Work and social functioning in frontline healthcare workers during the Covid-19 pandemic in Italy: role of acute post-traumatic stress, depressive and anxiety symptoms, 2021